| 000 | nam a22 a 4500 | ||
|---|---|---|---|
| 999 |
_c172119 _d172119 |
||
| 003 | BLK | ||
| 005 | 20220429120227.0 | ||
| 008 | 180411b bul|||||r ||||||| ||bul|| | ||
| 010 | _aKNG00180426000 | ||
| 040 | _aBLK | ||
| 041 |
_aBUL _cBUL |
||
| 080 |
_aТехника. Технически науки _b62 _z62 |
||
| 080 |
_aТехника на транспортните средства _b629 _z629 |
||
| 100 | 1 |
_aПокровский, Георгий П. _eпърви автор _9290012 |
|
| 139 |
_aПокровский, Георгий П. и др. _bП 68 |
||
| 245 | 1 | 0 |
_aНа границата на мечтата _cГеоргий П. Покровский; съавт. Юрий А. Моралевич; науч. ред. В. В. Звонков; прев. от рус. Маргарита Ганева. |
| 257 | _aBGR | ||
| 260 |
_bНар. младеж _c1964 _aСофия |
||
| 300 |
_a203 с. _bс ил. _c20 см |
||
| 380 | _a62 | ||
| 490 |
_aПоредица Светът утре _v24 _9206101 |
||
| 650 | 4 |
_aТехника _9173585 |
|
| 653 | _aтранспорт | ||
| 653 | _aтехника | ||
| 653 | _aбъдеще | ||
| 700 | 1 |
_aМоралевич, Юрий А. _eсъавт. _999050 |
|
| 700 | 1 |
_aЗвонков, В. В. _eнауч. ред. _969475 |
|
| 700 | 1 |
_aГанева, Маргарита _eпрев. от рус. _9339161 |
|
| 852 |
_aЦб 31840 _bЦб |
||
| 856 | 4 | _qpdf | |
| 856 | 4 | _qpdf | |
| 942 |
_cKNG _n0 _s1 |
||
| 944 |
_aCR _c26.08.2015 _kВалентина_Караджова |
||
| 944 |
_aED _c26.08.2015 _kВалентина_Караджова |
||
| 999 | _d172119 | ||